[Event "CSCC"]
[Site "?"]
[Date "1993.??.??"]
[Round "3"]
[White "Glover, John"]
[Black "Brameld, Arthur F"]
[Result "0-1"]
[WhiteElo "1790"]
[BlackElo "2095"]
[PlyCount "108"]
[EventDate "1993.??.??"]
[EventType "simul"]
[EventRounds "8"]

1. c4 e5 2. Nc3 Nc6 3. g3 g6 4. Bg2 Bg7 5. e3 d6 6. Nge2 Be6 7. b3 Qd7 8. d4 Bh3 9. O-O h5 10. dxe5 Nxe5 11. f4 Nc6 12. Bb2 h4 13. Rf2 Bxg2 14. Rxg2 Nh6 15. Rb1 Ng4 16. Nd5 Bxb2 17. Rxb2 h3 18. Rf2 Nxf2 19. Nf6+ Ke7 20. Nd5+ Kf8 21. Kxf2 Kg7 22. Nd4 Ne7 23. Nf3 Nxd5 24. Qxd5 c6 25. Qd4+ f6 26. Rd2 Rhd8 27. e4 c5 28. Qd3 Qc6 29. Kg1 Re8 30. Re2 Rad8 31. g4 Qd7 32. f5 g5 33. Nd2 Rh8 34. Nb1 Qe7 35. Nc3 Qe5 36. Qf3 Rh4 37. Rf2 Qd4 38. Kf1 Re8 39. Re2 a6 40. a4 Re5 41. Qg3 Kf7 42. Ke1 Rxg4 43. Qxg4 Qxc3+ 44. Kf2 Re7 45. Qf3 Qd4+ 46. Kg3 Qg1+ 47. Kxh3 Kg8 48. Qg2 Rh7+ 49. Kg3 Qd4 50. h3 Qd3+ 51. Kh2 Rxh3+ 52. Qxh3 Qxe2+ 53. Qg2 Qxg2+ 54. Kxg2 Kf7 0-1

[Event "CSCC"]
[Site "?"]
[Date "1993.??.??"]
[Round "4"]
[White "Brameld, Arthur F"]
[Black "Marsh, Roger"]
[Result "1-0"]
[WhiteElo "2095"]
[BlackElo "1965"]
[PlyCount "105"]
[EventDate "1993.??.??"]
[EventType "simul"]
[EventRounds "8"]

1. e4 g6 2. d4 Bg7 3. Nc3 c6 4. Bc4 d6 5. Nf3 Nf6 6. e5 dxe5 7. Nxe5 O-O 8. O-O Nbd7 9. Nxd7 Qxd7 10. Bf4 Rd8 11. Be5 Ng4 12. Bxg7 Kxg7 13. h3 Nf6 14. Qe2 b5 15. Bd3 e6 16. Rad1 Qc7 17. Qe5 Qxe5 18. dxe5 Nd5 19. Ne4 Nf4 20. Nd6 Nxd3 21. Rxd3 Kf8 22. Rfd1 a5 23. Rc3 Ra6 24. Rdd3 Ke7 25. Rf3 Rf8 26. Rf6 Bd7 27. Rc5 Be8 28. Kf1 h5 29. Ke2 h4 30. Kf3 Rh8 31. Kg4 Rh5 32. f4 Rh7 33. Rc3 Bd7 34. Ne4 Be8 35. Ng5 Rh5 36. Nf3 Ra8 37. Nxh4 Rd8 38. Rd3 Rxd3 39. cxd3 c5 40. Nf3 Bc6 41. Ng5 Be8 42. Kf3 Rh8 43. Ke3 Rf8 44. g3 Bc6 45. h4 Bg2 46. g4 Ke8 47. h5 gxh5 48. gxh5 Bf1 49. h6 c4 50. dxc4 bxc4 51. h7 Bd3 52. Rxf7 Rh8 53. Rg7 1-0

[Event "CSCC"]
[Site "?"]
[Date "1993.??.??"]
[Round "5"]
[White "Hammond, Andy"]
[Black "Brameld, Arthur F"]
[Result "1-0"]
[WhiteElo "2150"]
[BlackElo "2095"]
[PlyCount "65"]
[EventDate "1993.??.??"]
[EventType "simul"]
[EventRounds "8"]

1. Nf3 c5 2. g3 Nc6 3. Bg2 g6 4. c4 Bg7 5. Nc3 d6 6. d3 Bd7 7. Rb1 Rb8 8. h4 h5 9. Bg5 a6 10. O-O b5 11. Ne4 Qc7 12. cxb5 axb5 13. Qd2 b4 14. Qc1 Nd4 15. Nxd4 Bxd4 16. Bd2 Rc8 17. a3 bxa3 18. bxa3 Bc6 19. Bc3 Nh6 20. Bxd4 cxd4 21. Qb2 Nf5 22. Rfc1 O-O 23. Rxc6 Qxc6 24. Nf6+ exf6 25. Bxc6 Rxc6 26. Qb7 Rfc8 27. a4 Kg7 28. a5 d5 29. Rb6 R6c7 30. Qxd5 Rc5 31. Qd7 R8c7 32. Qd8 Re7 33. Rb8 1-0

[Event "CSCC"]
[Site "?"]
[Date "1993.??.??"]
[Round "6"]
[White "Brameld, Arthur F"]
[Black "Sage, Geoff"]
[Result "1-0"]
[WhiteElo "2095"]
[BlackElo "1990"]
[PlyCount "67"]
[EventDate "1993.??.??"]
[EventType "simul"]
[EventRounds "8"]

1. e4 c5 2. Nf3 Nf6 3. e5 Nd5 4. Nc3 Nxc3 5. bxc3 d5 6. exd6 Qxd6 7. Bc4 Nd7 8. O-O e6 9. d4 Be7 10. g3 Nb6 11. Bb5+ Bd7 12. Qe2 Rc8 13. a4 a6 14. dxc5 Qxc5 15. Be3 Qc7 16. Bxb6 Qxb6 17. Bxd7+ Kxd7 18. Rab1 Qc7 19. Rfd1+ Ke8 20. Ne5 Bf6 21. Nd7 Bxc3 22. Qf3 Qc6 23. Qxc6 bxc6 24. Nb8 a5 25. Nxc6 g6 26. Na7 Rc4 27. Rb7 Rf8 28. Rdd7 Bb4 29. Nb5 Rxc2 30. Nd6+ Bxd6 31. Rxd6 Rc5 32. Ra6 Kd8 33. Rb8+ Ke7 34. Ra7+ 1-0

[Event "CSCC"]
[Site "?"]
[Date "1993.??.??"]
[Round "7"]
[White "Toll, Alec"]
[Black "Brameld, Arthur F"]
[Result "1/2-1/2"]
[WhiteElo "2000"]
[BlackElo "2095"]
[PlyCount "35"]
[EventDate "1993.??.??"]
[EventType "simul"]
[EventRounds "8"]

1. d4 g6 2. e4 Bg7 3. Bc4 c5 4. Qf3 e6 5. d5 Ne7 6. Nc3 exd5 7. Nxd5 Nxd5 8. Bxd5 O-O 9. Nh3 Nc6 10. c3 d6 11. O-O Qh4 12. Bg5 Ne5 13. Bxh4 Nxf3+ 14. gxf3 Bxh3 15. Rfd1 Be5 16. Rd3 Bf4 17. Bf6 Rab8 18. a4 1/2-1/2

[Event "CSCC"]
[Site "?"]
[Date "1993.??.??"]
[Round "8"]
[White "Brameld, Arthur F"]
[Black "House, Paul"]
[Result "1/2-1/2"]
[WhiteElo "2095"]
[BlackElo "2090"]
[PlyCount "24"]
[EventDate "1993.??.??"]
[EventType "simul"]
[EventRounds "8"]

1. e4 c5 2. Nf3 e6 3. d4 cxd4 4. Nxd4 Nf6 5. Nc3 d6 6. Be2 a6 7. O-O Be7 8. Be3 O-O 9. f4 Nc6 10. Qe1 Qc7 11. Qg3 Kh8 12. Rad1 Bd7 1/2-1/2

[Event "Ports Lge"]
[Site "?"]
[Date "1993.??.??"]
[Round "?"]
[White "Spurgeon, David"]
[Black "Brameld, Arthur F"]
[Result "0-1"]
[WhiteElo "1990"]
[BlackElo "2070"]
[PlyCount "52"]
[EventDate "1993.??.??"]
[EventType "swiss"]

1. d4 e6 2. g3 f5 3. Bg2 Nf6 4. Bg5 Be7 5. c4 O-O 6. Nc3 c6 7. e3 Ng4 8. Bxe7 Qxe7 9. Nge2 Na6 10. O-O d5 11. cxd5 exd5 12. Nf4 Nc7 13. Qd3 Kh8 14. Rfe1 Ne6 15. f3 Nf6 16. Nxe6 Bxe6 17. Re2 Rad8 18. Rae1 Qd6 19. Kh1 Bc8 20. Qb1 b6 21. e4 fxe4 22. fxe4 Ng4 23. h3 Nf2+ 24. Kh2 Nxh3 25. e5 Qh6 26. Qc1 Nf4+ 0-1

[Event "Ports Lge"]
[Site "?"]
[Date "1993.??.??"]
[Round "?"]
[White "Brameld, Arthur F"]
[Black "Morris, Charles F"]
[Result "1/2-1/2"]
[WhiteElo "2095"]
[BlackElo "2245"]
[PlyCount "89"]
[EventDate "1993.??.??"]
[EventType "swiss"]

1. e4 e6 2. d4 d5 3. Nd2 Nf6 4. e5 Nfd7 5. Bd3 c5 6. c3 Nc6 7. Ne2 cxd4 8. cxd4 f6 9. exf6 Nxf6 10. O-O Bd6 11. Nf3 Qc7 12. Nc3 a6 13. Bg5 O-O 14. Bh4 Nh5 15. Re1 g6 16. Bg5 Qg7 17. Be3 Nf4 18. Bf1 g5 19. Kh1 h6 20. g3 Ng6 21. Bg2 Bd7 22. Na4 Rad8 23. Nb6 Be8 24. Rc1 Nge7 25. Bd2 g4 26. Nh4 Qxd4 27. Rxe6 Rxf2 28. Bxh6 Qxd1+ 29. Rxd1 Bf7 30. Be3 Rxg2 31. Rxd6 {Sealed move} Rxh2+ 32. Kxh2 Rxd6 33. Bc5 Re6 34. Rd2 d4 35. Kg1 Re4 36. b3 Be6 37. Kf2 Kf7 38. Nc4 Bxc4 39. bxc4 Na5 40. Re2 Re6 41. Bxe7 Rxe7 42. Nf5 Rd7 43. Re4 d3 44. Ke1 Kf6 45. Ne3 1/2-1/2

[Event "RNCC  Manadon"]
[Site "?"]
[Date "1993.??.??"]
[Round "1"]
[White "Brameld, Arthur F"]
[Black "Schreiber, Ian"]
[Result "1-0"]
[WhiteElo "2070"]
[BlackElo "1720"]
[PlyCount "63"]
[EventDate "1993.??.??"]
[EventType "simul"]
[EventRounds "6"]

1. e4 e6 2. d4 d5 3. Nc3 Nf6 4. e5 Nfd7 5. f4 c5 6. Nf3 Nc6 7. Be3 a6 8. Be2 Be7 9. O-O Nb6 10. dxc5 Nc4 11. Bxc4 dxc4 12. Ne4 Nb4 13. Nd6+ Bxd6 14. exd6 Bd7 15. Ne5 O-O 16. c3 Nd5 17. Bd4 f6 18. Nxd7 Qxd7 19. Qe2 Nxf4 20. Rxf4 e5 21. Qxc4+ Qf7 22. Qxf7+ Rxf7 23. Re4 exd4 24. cxd4 Rd7 25. Rae1 Kf8 26. Re7 Rad8 27. R1e6 Kg8 28. d5 Kf8 29. b4 Kg8 30. Rxd7 Rxd7 31. c6 bxc6 32. dxc6 1-0

[Event "RNCC  Manadon"]
[Site "?"]
[Date "1993.??.??"]
[Round "2"]
[White "Bower, Scott"]
[Black "Brameld, Arthur F"]
[Result "0-1"]
[WhiteElo "1645"]
[BlackElo "2070"]
[PlyCount "42"]
[EventDate "1993.??.??"]
[EventType "simul"]
[EventRounds "6"]

1. b3 d5 2. Bb2 c5 3. e3 Nf6 4. f4 Nc6 5. Nf3 g6 6. d3 Bg7 7. Nc3 d4 8. exd4 cxd4 9. Ne4 Nd5 10. Bc1 Qc7 11. a3 Ne3 12. Qe2 Bg4 13. Ra2 Qxf4 14. h3 Bxf3 15. gxf3 Rc8 16. Rg1 Ne5 17. Bxe3 dxe3 18. Bg2 f5 19. d4 fxe4 20. dxe5 O-O 21. Rf1 Rfd8 0-1

[Event "RNCC  Manadon"]
[Site "?"]
[Date "1993.??.??"]
[Round "3"]
[White "Brameld, Arthur F"]
[Black "Brokenshire, Laurie P"]
[Result "1-0"]
[WhiteElo "2070"]
[BlackElo "1720"]
[PlyCount "61"]
[EventDate "1993.??.??"]
[EventType "simul"]
[EventRounds "6"]

1. e4 c6 2. d4 d5 3. Nc3 dxe4 4. Nxe4 Nd7 5. Nf3 Ngf6 6. Nxf6+ Nxf6 7. Bc4 e6 8. O-O Bd6 9. Bg5 h6 10. Bh4 O-O 11. Re1 Be7 12. a4 Nd5 13. Bg3 c5 14. dxc5 Bxc5 15. Ne5 Ne7 16. Qxd8 Rxd8 17. Rad1 Re8 18. c3 Nf5 19. Bf4 b6 20. Bb5 Rf8 21. Bc6 Rb8 22. g4 g5 23. gxf5 gxf4 24. f6 Kh8 25. b4 Rg8+ 26. Kf1 Ba6+ 27. Bb5 Bxb5+ 28. axb5 Bf8 29. Rd7 Ra8 30. Ra1 h5 31. Raxa7 1-0

[Event "RNCC  Manadon"]
[Site "?"]
[Date "1993.??.??"]
[Round "5"]
[White "Brameld, Arthur F"]
[Black "Luffman, Robert C"]
[Result "1/2-1/2"]
[WhiteElo "2070"]
[BlackElo "1860"]
[PlyCount "30"]
[EventDate "1993.??.??"]
[EventType "simul"]
[EventRounds "6"]

1. e4 e5 2. Nf3 Nc6 3. Bb5 d6 4. O-O Nf6 5. d4 Bd7 6. Re1 Be7 7. d5 Nb8 8. Bxd7+ Nbxd7 9. c4 O-O 10. Nc3 a6 11. h3 Qc8 12. Nh4 Re8 13. Nf5 Qd8 14. g4 Kh8 15. Be3 Ng8 1/2-1/2

[Event "WECU Jamboree"]
[Site "?"]
[Date "1993.??.??"]
[Round "?"]
[White "Hills, K."]
[Black "Brameld, Arthur F"]
[Result "1/2-1/2"]
[WhiteElo "2015"]
[BlackElo "2070"]
[PlyCount "83"]
[EventDate "1993.??.??"]
[EventType "game"]

1. d4 d5 2. e3 Nf6 3. Bd3 c5 4. c3 cxd4 5. exd4 Nc6 6. f4 Bg4 7. Nf3 e6 8. h3 Bh5 9. O-O Ne4 10. Nbd2 Bg6 11. Bxe4 dxe4 12. Ng5 Nxd4 13. Ndxe4 Nc6 14. Qb3 Qd5 15. c4 Qa5 16. Be3 O-O-O 17. Nf2 Nd4 18. Bxd4 Rxd4 19. Ng4 Bc5 20. Kh1 h6 21. Nf3 Rxf4 22. Nfe5 Qd2 23. Rxf4 Qxf4 24. Qb5 Qd4 25. Nf3 Qd6 26. a3 a6 27. Qa4 Be4 28. b4 Ba7 29. c5 Qg3 30. Nge5 Bxf3 31. Qd7+ Kb8 32. Nxf3 Qc7 33. Rd1 Rc8 34. Qd6 Qxd6 35. Rxd6 Kc7 36. Ne5 f6 37. Rd7+ Kb8 38. Nc4 Rc7 39. Rd8+ Rc8 40. Rd7 Rc7 41. Rd8+ Rc8 42. Rd7 1/2-1/2

[Event "Ports Lge"]
[Site "?"]
[Date "1993.??.??"]
[Round "?"]
[White "Brameld, Arthur F"]
[Black "Judd, Ian"]
[Result "1-0"]
[WhiteElo "2070"]
[BlackElo "1860"]
[PlyCount "49"]
[EventDate "1993.??.??"]
[EventType "swiss"]

1. e4 e6 2. d4 a6 3. c4 b5 4. cxb5 axb5 5. Bxb5 Bb7 6. Nc3 f5 7. d5 Bc5 8. dxe6 Qe7 9. Nd5 Bxd5 10. Qxd5 Ra5 11. Qb7 Qxe6 12. Qxb8+ Kf7 13. Bd3 fxe4 14. Be2 Bb6 15. Nh3 e3 16. Bxe3 Bxe3 17. fxe3 Qxe3 18. Qxc7 Re5 19. Qxd7+ Re7 20. Qd2 Qe5 21. Qf4+ Nf6 22. Qxe5 Rxe5 23. Rf1 Rhe8 24. Ng1 Kg6 25. O-O-O 1-0

[Event "Perrott"]
[Site "?"]
[Date "1993.??.??"]
[Round "1"]
[White "Brameld, Arthur F"]
[Black "McInnes, Neil"]
[Result "1/2-1/2"]
[WhiteElo "2070"]
[BlackElo "1780"]
[PlyCount "66"]
[EventDate "1993.??.??"]
[EventType "simul"]
[EventRounds "3"]

1. e4 c5 2. Nf3 d6 3. Bb5+ Bd7 4. Bxd7+ Nxd7 5. O-O Ngf6 6. Re1 Qc7 7. c3 h6 8. d4 e6 9. d5 e5 10. Nbd2 Be7 11. Nf1 c4 12. Qe2 b5 13. Ng3 Nc5 14. Rf1 Nfd7 15. Be3 a5 16. Rad1 Nb6 17. Nf5 Bf6 18. Bxc5 Qxc5 19. Qe3 Qxe3 20. Nxe3 O-O 21. Nf5 Rfd8 22. h4 Rd7 23. g4 Na4 24. g5 hxg5 25. hxg5 Bd8 26. Rd2 Nc5 27. Ng3 Bb6 28. Kg2 g6 29. Kh3 Nd3 30. Kg4 Kg7 31. Ne1 Nxe1 32. Rxe1 b4 33. f3 Rh8 1/2-1/2

[Event "Perrott"]
[Site "?"]
[Date "1993.??.??"]
[Round "2"]
[White "Toll, Alec"]
[Black "Brameld, Arthur F"]
[Result "0-1"]
[WhiteElo "2020"]
[BlackElo "2070"]
[PlyCount "86"]
[EventDate "1993.??.??"]
[EventType "simul"]
[EventRounds "3"]

1. d4 e6 2. Nf3 c5 3. e4 cxd4 4. c3 dxc3 5. Nxc3 a6 6. Bc4 b5 7. Bb3 Nc6 8. O-O Na5 9. Bc2 Bb7 10. Be3 Nf6 11. e5 Nd5 12. Bd4 Nxc3 13. Bxc3 Rc8 14. a3 Nc4 15. Qd3 d5 16. h4 Qc7 17. Bb3 Nxa3 18. Nd4 Nc4 19. f4 g6 20. Rae1 Bc5 21. Kh1 Qe7 22. Nf3 Rd8 23. Bd4 Bxd4 24. Qxd4 Qb4 25. Bxc4 dxc4 26. Qb6 Bxf3 27. gxf3 O-O 28. f5 exf5 29. e6 Qd6 30. exf7+ Kg7 31. Qe3 Qf6 32. Re2 Rd3 33. Qa7 Rxf7 34. Qb8 Qxh4+ 35. Rh2 Qf6 36. Qf4 Kg8 37. Re1 Rd8 38. Rhe2 Kg7 39. Kg2 Rd4 40. Qc1 f4 41. Qc3 Rd3 42. Qxf6+ Rxf6 43. Re7+ Rf7 0-1

[Event "Perrott"]
[Site "?"]
[Date "1993.??.??"]
[Round "3"]
[White "Ruff, Nathan"]
[Black "Brameld, Arthur F"]
[Result "0-1"]
[WhiteElo "1870"]
[BlackElo "2070"]
[PlyCount "52"]
[EventDate "1993.??.??"]
[EventType "simul"]
[EventRounds "3"]

1. c4 e5 2. Nc3 Nc6 3. e3 g6 4. Nf3 f5 5. d4 e4 6. Nd2 Nf6 7. a3 Bg7 8. b4 Qe7 9. Rb1 O-O 10. Bb2 f4 11. Qe2 d6 12. h3 Bf5 13. Nb3 Rae8 14. b5 Nd8 15. d5 Nh5 16. Nd1 f3 17. Qd2 fxg2 18. Bxg2 Qg5 19. Rh2 Bxb2 20. Rxb2 Bxh3 21. Kf1 Bxg2+ 22. Rxg2 Qh4 23. Ke2 Qh1 24. Rg5 Nf7 25. Rxh5 Qxh5+ 26. Ke1 Ne5 0-1

[Event "NATO, Breda"]
[Site "Breda"]
[Date "1993.??.??"]
[Round "1"]
[White "Riemens, A."]
[Black "Brameld, Arthur F"]
[Result "1/2-1/2"]
[WhiteElo "2255"]
[BlackElo "2070"]
[PlyCount "105"]
[EventDate "1993.??.??"]
[EventType "simul"]
[EventRounds "5"]
[EventCountry "NED"]

1. e4 Nf6 2. e5 Nd5 3. d4 d6 4. Nf3 Bg4 5. Be2 e6 6. O-O Be7 7. h3 Bh5 8. c4 Nb6 9. exd6 cxd6 10. Nc3 O-O 11. Be3 d5 12. c5 Bxf3 13. Bxf3 Nc4 14. b3 Nxe3 15. fxe3 Qa5 16. Qd3 Nc6 17. a3 Rad8 18. b4 Qc7 19. Rac1 a6 20. b5 axb5 21. Nxb5 Qg3 22. Nc3 Ra8 23. Ne2 Qg6 24. Qxg6 hxg6 25. Rb1 Rxa3 26. Rxb7 Bg5 27. e4 dxe4 28. Bxe4 Nxd4 29. Nxd4 Be3+ 30. Kh1 Bxd4 31. c6 Ra1 32. Rxa1 Bxa1 33. Kg1 Be5 34. Kf1 Rc8 35. Ke2 Kf8 36. Kd3 Rc7 37. Rxc7 Bxc7 38. g4 Ke7 39. Ke2 Kf6 40. Bg2 Ke5 41. Ke3 Bb6+ 42. Kf3 g5 43. Kg3 g6 44. Bf1 Kd6 45. Bb5 f5 46. h4 gxh4+ 47. Kxh4 Bd8+ 48. Kg3 Kd5 49. Bd3 Bc7+ 50. Kf3 Kxc6 51. gxf5 gxf5 52. Bc2 Kd5 53. Bb1 1/2-1/2

[Event "NATO, Breda"]
[Site "Breda"]
[Date "1993.??.??"]
[Round "2"]
[White "Brameld, Arthur F"]
[Black "Grotnes, Nils"]
[Result "1/2-1/2"]
[WhiteElo "2070"]
[BlackElo "2320"]
[PlyCount "72"]
[EventDate "1993.??.??"]
[EventType "simul"]
[EventRounds "5"]
[EventCountry "NED"]

1. e4 c6 2. d4 d5 3. Nc3 dxe4 4. Nxe4 Bf5 5. Ng3 Bg6 6. Nf3 Nd7 7. Bd3 e6 8. Bxg6 hxg6 9. Qd3 Ngf6 10. Bd2 Bd6 11. O-O-O Qc7 12. Kb1 O-O-O 13. Ng5 Nb6 14. N3e4 c5 15. Nxd6+ Rxd6 16. Bf4 Rhd8 17. Bxd6 Rxd6 18. Qa3 Rd5 19. dxc5 Nc4 20. Qb4 Qf4 21. Ka1 Rxg5 22. c6 bxc6 23. g3 Qe4 24. f3 Qxc2 25. Rc1 Qxb2+ 26. Qxb2 Nxb2 27. Kxb2 Rb5+ 28. Kc2 Kc7 29. Kd2 Nd5 30. Rc4 Nb6 31. Rh4 Rb2+ 32. Kd3 Rxa2 33. Rh7 Ra3+ 34. Ke2 Ra2+ 35. Kd3 Ra3+ 36. Ke2 Ra2+ 1/2-1/2

[Event "NATO, Breda"]
[Site "Breda"]
[Date "1993.??.??"]
[Round "3"]
[White "Michiels, Luc"]
[Black "Brameld, Arthur F"]
[Result "1/2-1/2"]
[WhiteElo "2255"]
[BlackElo "2070"]
[PlyCount "49"]
[EventDate "1993.??.??"]
[EventType "simul"]
[EventRounds "5"]
[EventCountry "NED"]

1. e4 Nf6 2. e5 Nd5 3. Nc3 Nxc3 4. dxc3 d5 5. exd6 cxd6 6. Be3 Nc6 7. Nf3 g6 8. Qd2 Bg7 9. O-O-O Qa5 10. a3 Bg4 11. h3 Bxf3 12. gxf3 O-O 13. h4 h5 14. f4 Rfd8 15. Rg1 e6 16. Be2 Ne7 17. Rg5 Nf5 18. Rdg1 Kf8 19. Bd3 Bf6 20. Bxf5 Bxg5 21. Rxg5 exf5 22. Qd4 Qa6 23. Rxg6 fxg6 24. Qf6+ Ke8 25. Qe6+ 1/2-1/2

[Event "NATO, Breda"]
[Site "Breda"]
[Date "1993.??.??"]
[Round "4"]
[White "Schlecht, D."]
[Black "Brameld, Arthur F"]
[Result "0-1"]
[WhiteElo "2075"]
[BlackElo "2070"]
[PlyCount "84"]
[EventDate "1993.??.??"]
[EventType "simul"]
[EventRounds "5"]
[EventCountry "NED"]

1. d4 e6 2. e4 d5 3. e5 c5 4. c3 Nc6 5. Nf3 Qb6 6. a3 c4 7. Nbd2 Na5 8. Be2 Bd7 9. O-O f6 10. a4 O-O-O 11. b4 cxb3 12. Ba3 Kb8 13. Bxf8 Rxf8 14. Ra3 Rc8 15. Qa1 Ne7 16. Rb1 Rc7 17. Nxb3 Nxb3 18. Raxb3 Qa5 19. Qa3 Nc8 20. Rb4 Nb6 21. R1b3 Rhc8 22. exf6 gxf6 23. Ne1 Nc4 24. Bxc4 dxc4 25. Rb1 Qf5 26. Qc1 Rg8 27. Qe3 Bc6 28. g3 Rcg7 29. R1b2 Rg5 30. Kf1 Bd5 31. Ke2 Rh5 32. h4 Rg4 33. Kd1 Re4 34. Qd2 Rg4 35. Qc2 Be4 36. Qe2 Bd5 37. Qc2 Rg7 38. Qxf5 Rxf5 39. Nc2 Rxf2 40. Ne3 Rxb2 41. Rxb2 Rxg3 42. Nxd5 Rg1+ 0-1

[Event "NATO, Breda"]
[Site "Breda"]
[Date "1993.??.??"]
[Round "5"]
[White "Brameld, Arthur F"]
[Black "Huber, A."]
[Result "1/2-1/2"]
[WhiteElo "2070"]
[BlackElo "2310"]
[PlyCount "44"]
[EventDate "1993.??.??"]
[EventType "simul"]
[EventRounds "5"]
[EventCountry "NED"]

1. e4 e6 2. d4 d5 3. Nd2 Nf6 4. e5 Nfd7 5. c3 c5 6. Bd3 Nc6 7. Ne2 cxd4 8. cxd4 f6 9. exf6 Nxf6 10. O-O Bd6 11. Nf3 Qc7 12. Bg5 O-O 13. Bh4 Nh5 14. Qc2 h6 15. Bh7+ Kh8 16. Bg6 Nf4 17. Nxf4 Bxf4 18. Bg3 Qb6 19. Rad1 Bd7 20. Rfe1 Rf6 21. Bh4 Rff8 22. Bg3 Rf6 1/2-1/2

[Event "Ports Lge"]
[Site "?"]
[Date "1993.??.??"]
[Round "?"]
[White "Crocker, M."]
[Black "Brameld, Arthur F"]
[Result "1/2-1/2"]
[WhiteElo "1920"]
[BlackElo "2070"]
[PlyCount "42"]
[EventDate "1993.??.??"]
[EventType "swiss"]

1. e4 Nf6 2. e5 Nd5 3. d4 d6 4. c4 Nb6 5. f4 dxe5 6. fxe5 Bf5 7. Nf3 e6 8. Nc3 Bb4 9. Be2 c5 10. a3 Bxc3+ 11. bxc3 O-O 12. O-O Nc6 13. Be3 Na5 14. d5 Rc8 15. Nd2 Qd7 16. d6 Qa4 17. Ra2 Qxd1 18. Rxd1 Na4 19. Rc1 h6 20. Bd1 Nb6 21. Be2 Na4 1/2-1/2

[Event "Ports Lge"]
[Site "?"]
[Date "1994.??.??"]
[Round "?"]
[White "Davies, Keith"]
[Black "Brameld, Arthur F"]
[Result "0-1"]
[WhiteElo "1885"]
[BlackElo "2070"]
[PlyCount "68"]
[EventDate "1994.??.??"]
[EventType "swiss"]

1. Nf3 c5 2. g3 Nc6 3. Bg2 g6 4. d3 Bg7 5. c3 Nf6 6. Nbd2 O-O 7. O-O d6 8. Re1 Bd7 9. Nf1 b5 10. Bd2 a5 11. e4 Rb8 12. Ne3 Ng4 13. Qc2 Nxe3 14. Bxe3 b4 15. Qd2 Bg4 16. Nh4 a4 17. d4 a3 18. e5 axb2 19. Qxb2 bxc3 20. Qxc3 Nxd4 21. Bxd4 cxd4 22. Qxd4 Be6 23. f4 dxe5 24. Qxd8 Rfxd8 25. fxe5 Rb2 26. Nf3 Bxa2 27. Red1 Rdb8 28. Rac1 e6 29. Bf1 Bd5 30. Bg2 Re2 31. Rf1 Bxe5 32. Rfe1 Rxe1+ 33. Rxe1 Bf6 34. Rd1 Rb2 0-1

[Event "Ports Lge"]
[Site "?"]
[Date "1994.??.??"]
[Round "?"]
[White "Brameld, Arthur F"]
[Black "Jones, John H"]
[Result "1/2-1/2"]
[WhiteElo "2070"]
[BlackElo "2000"]
[PlyCount "61"]
[EventDate "1994.??.??"]
[EventType "swiss"]

1. e4 d5 2. exd5 Nf6 3. d4 Nxd5 4. Nf3 g6 5. Be2 Bg7 6. O-O O-O 7. c4 Nb6 8. Nc3 Bg4 9. c5 Nd5 10. h3 Bc8 11. Nxd5 $6 Qxd5 12. Bf4 $2 Nc6 13. Bxc7 Nxd4 14. Nxd4 Qxd4 15. Rc1 Qxd1 16. Rfxd1 Bxb2 17. Rc2 Ba3 18. g4 Be6 19. Bc4 Rac8 20. Bxe6 Rxc7 21. Rd7 Rfc8 22. Rd3 fxe6 23. Rxa3 Rxc5 24. Rxc5 Rxc5 25. Rxa7 Rb5 26. Kg2 g5 27. Ra8+ Kf7 28. Rh8 Kg7 29. Re8 Kf7 30. Rh8 Kg7 31. Re8 1/2-1/2

[Event "Ports Lge"]
[Site "?"]
[Date "1994.??.??"]
[Round "?"]
[White "Brameld, Arthur F"]
[Black "Cary, Ian"]
[Result "1/2-1/2"]
[WhiteElo "2070"]
[BlackElo "1935"]
[PlyCount "70"]
[EventDate "1994.??.??"]
[EventType "swiss"]

1. e4 e6 2. d4 d5 3. Nd2 Nf6 4. e5 Nfd7 5. c3 c5 6. Bd3 Nc6 7. Ne2 cxd4 8. cxd4 Nb4 9. Bb1 b6 10. a3 Nc6 11. Bd3 Bb7 12. O-O Be7 13. b4 Rc8 14. Bb2 O-O 15. Nf4 Qe8 16. Qh5 g6 17. Qh6 Kh8 18. Nf3 Rg8 19. Rae1 Qf8 20. Qh3 Qg7 21. Nxd5 Bd8 22. Nf4 g5 23. Nxg5 Bxg5 24. Nh5 Qh6 25. f4 Bd8 26. Rf2 Ne7 27. f5 Nd5 28. fxe6 fxe6 29. Rf7 Nf4 30. Nxf4 Qxh3 31. Nxh3 Rxg2+ 32. Kf1 Rxb2 33. Rxd7 Rxh2 34. Rxh7+ Kg8 35. Rxb7 Rxh3 1/2-1/2

[Event "Fare Ch"]
[Site "?"]
[Date "1994.??.??"]
[Round "?"]
[White "Pearce, T."]
[Black "Brameld, Arthur F"]
[Result "0-1"]
[WhiteElo "1735"]
[BlackElo "2070"]
[PlyCount "44"]
[EventDate "1994.??.??"]
[EventType "simul"]
[EventRounds "7"]

1. e4 Nf6 2. e5 Nd5 3. d4 d6 4. c4 Nb6 5. Nf3 Bg4 6. exd6 cxd6 7. Nc3 g6 8. Be3 Bg7 9. h3 Bxf3 10. Qxf3 Nc6 11. Qd1 O-O 12. Be2 e5 13. d5 Ne7 14. O-O Nf5 15. Bd2 Qh4 16. Qc1 h6 17. b3 Rae8 18. Be3 Nd4 19. Bd3 e4 20. Bc2 Nf3+ 21. gxf3 exf3 22. Ne4 Qxh3 0-1

[Event "Ports Lge"]
[Site "?"]
[Date "1994.??.??"]
[Round "?"]
[White "Wilkinson, John R"]
[Black "Brameld, Arthur F"]
[Result "1/2-1/2"]
[WhiteElo "1920"]
[BlackElo "2070"]
[PlyCount "119"]
[EventDate "1994.??.??"]
[EventType "swiss"]

1. d4 c5 2. d5 Nf6 3. c4 e6 4. Nc3 exd5 5. cxd5 d6 6. Nf3 g6 7. g3 Bg7 8. Bg2 O-O 9. O-O Re8 10. Nd2 b6 11. a4 Ba6 12. Re1 Nbd7 13. h3 h6 14. Qc2 Ne5 15. f4 Nd3 16. Rf1 Nxc1 17. Raxc1 Bxe2 18. Nxe2 Rxe2 19. Rce1 Qe7 20. Rxe2 Qxe2 21. Bf3 Qe3+ 22. Kh2 Qd4 23. Nc4 Ne8 24. Re1 Qf6 25. Bg2 Nc7 26. Qd3 Re8 27. Rxe8+ Nxe8 28. Qe4 Kf8 29. h4 Qe7 30. Qxe7+ Kxe7 31. g4 {Sealed move.} Kd7 32. Kg3 Kc7 33. b3 a6 34. h5 gxh5 35. gxh5 Bd4 36. Bf3 b5 37. axb5 axb5 38. Na3 Kb6 39. Nc2 Bb2 40. Ne3 Ka5 41. Nf5 Kb4 42. Nxh6 Kxb3 43. Nxf7 c4 44. h6 c3 45. Bd1+ c2 46. Bxc2+ Kxc2 47. h7 Bf6 $4 48. Kg4 b4 49. Kf5 b3 50. Nxd6 Bh8 51. Nc4 Kc3 52. Na3 Nd6+ $2 53. Ke6 Nc4 $4 54. Nb1+ Kc2 55. f5 b2 {Sealed move.} 56. f6 Kxb1 57. f7 Kc1 58. f8=Q b1=Q 59. Qf1+ Kb2 60. Qxb1+ 1/2-1/2

[Event "Ports Lge"]
[Site "?"]
[Date "1994.??.??"]
[Round "?"]
[White "Brameld, Arthur F"]
[Black "Crocker, M."]
[Result "0-1"]
[WhiteElo "2070"]
[BlackElo "1920"]
[PlyCount "68"]
[EventDate "1994.??.??"]
[EventType "swiss"]

1. e4 c5 2. Nf3 d6 3. d4 cxd4 4. Qxd4 Nc6 5. Bb5 Bd7 6. Bxc6 bxc6 7. c4 e5 8. Qd3 f5 9. Nc3 Nf6 10. exf5 Be7 11. O-O O-O 12. c5 e4 13. Nxe4 Bxf5 14. Qb3+ d5 15. Ng3 Ne4 16. Nxf5 Rxf5 17. Nd4 Rf6 18. Qh3 Bxc5 19. Be3 Qb6 20. Rad1 Qxb2 21. Rb1 Qxa2 22. Rb7 Nxf2 23. Qd7 Nh3+ 24. gxh3 Rg6+ 25. Qg4 Rxg4+ 26. hxg4 Qa4 27. Rf4 g5 28. Rg7+ Kh8 29. Rxg5 Rg8 30. Rh5 Qd1+ 31. Kf2 Rxg4 32. Rf7 Bxd4 33. Rhxh7+ Kg8 34. Bxd4 Qxd4+ 0-1

[Event "Cole Cup Final"]
[Site "?"]
[Date "1994.??.??"]
[Round "?"]
[White "Jones, John H"]
[Black "Brameld, Arthur F"]
[Result "0-1"]
[WhiteElo "2000"]
[BlackElo "2070"]
[PlyCount "80"]
[EventDate "1994.??.??"]
[EventType "game"]

1. e4 Nf6 2. e5 Ng8 3. Nf3 d5 4. d4 Bg4 5. c3 c6 6. Bd3 e6 7. Nbd2 Nd7 8. h3 Bh5 9. Nf1 Bg6 10. Bxg6 hxg6 11. Bg5 Qb6 12. b4 Be7 13. Bxe7 Nxe7 14. Ng5 a5 15. a3 Nf5 16. g4 Nh4 17. Ne3 Ke7 18. O-O axb4 19. c4 Rxa3 20. cxd5 cxd5 21. Rxa3 bxa3 22. Qa4 a2 $2 23. Qxa2 $2 Qxd4 24. Qa3+ Qc5 25. Qxc5+ Nxc5 26. f4 f6 27. exf6+ gxf6 28. Nf3 Nxf3+ 29. Rxf3 Rd8 30. f5 gxf5 31. gxf5 e5 32. Rg3 b5 33. Rg7+ Kd6 34. Rf7 Nd7 35. Ng4 b4 36. Nxf6 b3 37. Nxd7 Rxd7 38. Rf8 Rb7 39. Rd8+ Ke7 40. Rxd5 b2 0-1